000 01778cam a2200157 4500500
005 20260208003742.0
041 _afre
042 _adc
100 1 0 _aChauvier, Stéphane
_eauthor
245 0 0 _aVincent Descombes, Charles Larmore, Dernières nouvelles du Moi, présentation par Jean-Cassien Billier, Paris, PUF, « Quadrige. Essais-Débats », 2009, 186 p.
260 _c2009.
500 _a49
520 _aPENSER L’INFINITÉ : THOMAS D’AQUIN ET BONAVENTURE FACE À LA TRADITION DES PÈRES GRECSSi l’autorité de Jean Damascène est invoquée au XIIIe siècle pour justifier la légitimité du concept d’infinité divine contre la dévalorisation aristotélicienne de l’infini, elle pose en réalité problème car le De fide orthodoxa, en lequel se concentre la conception traditionnelle de l’infinité divine, semble interdire toute connaissance humaine de Dieu. L’article étudie certains textes de Thomas d’Aquin et de Bonaventure pour mettre en lumière leurs réticences à l’égard de cette conception de l’infinité. Abstract — Although John Damascene’s authority is called upon in the XIIIth century to justify the legitimacy of the concept of divine infinity against the Aristotelian depreciation of infinity, it poses a real problem because the De fide orthodoxa, which summarizes the traditional conception of divine infinity, seems to forbid any human knowledge of God. The article studies certain texts of Thomas Aquinas and Bonaventure to bring to light their hesitations relating to this conception of infinity.
786 0 _nLes Études philosophiques | 91 | 4 | 2009-12-15 | p. 581a-585a | 0014-2166
856 4 1 _uhttps://shs.cairn.info/revue-les-etudes-philosophiques-2009-4-page-581a?lang=fr&redirect-ssocas=7080
999 _c1648801
_d1648801